Every Premier League goalscorer for Blackburn Rovers - Statistics

General Stats
  • This quiz has been taken 7 times
  • The average score is 50 of 104
Answer Stats
Answer % Correct
Alan Shearer
100%
Damien Duff
100%
David Dunn
100%
El Hadji Diouf
100%
Graeme Le Saux
100%
Tim Sherwood
100%
Andy Cole
80%
Benni McCarthy
80%
Brett Emerton
80%
Chris Sutton
80%
Christopher Samba
80%
Colin Hendry
80%
Craig Bellamy
80%
David Batty
80%
Dwight Yorke
80%
Grant Hanley
80%
Henning Berg
80%
Jason Wilcox
80%
Kevin Gallacher
80%
Mame Diouf
80%
Martin Olsson
80%
Matt Jansen
80%
Mike Newell
80%
Morten Pedersen
80%
Roque Santa Cruz
80%
Stuart Ripley
80%
Tugay
80%
André Ooijer
60%
Ashley Ward
60%
Barry Ferguson
60%
Brad Friedel
60%
Damien Johnson
60%
David Bentley
60%
David May
60%
David Thompson
60%
Garry Flitcroft
60%
Ian Pearce
60%
Jason Roberts
60%
Jeff Kenna
60%
Keith Gillespie
60%
Kevin Davies
60%
Kevin Moran
60%
Lars Bohinen
60%
Paul Dickov
60%
Paul Warhurst
60%
Robbie Savage
60%
Ryan Nelsen
60%
Scott Dann
60%
Steven Reid
60%
Yakubu
60%
Billy McKinlay
40%
Callum Davidson
40%
Corrado Grabbi
40%
Craig Hignett
40%
Craig Short
40%
Egil Østenstad
40%
Gaël Givet
40%
Gordon Cowans
40%
Graham Fenton
40%
Jason McAteer
40%
Jon Stead
40%
Junior Hoilett
40%
Keith Andrews
40%
Lucas Neill
40%
Mark Atkins
40%
Mark Hughes
40%
Markus Babbel
40%
Martin Dahlin
40%
Martin Taylor
40%
Matt Derbyshire
40%
Mauro Formica
40%
Shefki Kuqi
40%
Steven Nzonzi
40%
Zurab Khizanishvili
40%
Alan Mahon
20%
Andrew Todd
20%
Darren Peacock
20%
Florent Sinama-Pongolle
20%
Franco Di Santo
20%
Gary Croft
20%
Hakan Şükür
20%
Jonathan Douglas
20%
Lorenzo Amoruso
20%
Matt Holmes
20%
Nathan Blake
20%
Nicky Marker
20%
Pascal Chimbonda
20%
Per Pederson
20%
Roy Wegerle
20%
Rubén Rochina
20%
Sébastien Pérez
20%
Shobani Nonda
20%
Stephen Warnock
20%
Vratislav Greško
20%
Yordi
20%
Benjani
0%
Dario Marcolin
0%
David Goodwillie
0%
Dino Baggio
0%
Giorgos Donis
0%
Jay Bothroyd
0%
Nikola Kalinić
0%
Paul Gallagher
0%
Simon Vukčević
0%
No matching quizzes found
Score Distribution
Percent of People with Each Score
Percentile by Number Answered
Your Score History
You have not taken this quiz